The First Egyptians : an exhibition /

Saved in:

Corporate Authors: McKissick Museum., University of South Carolina. Earth Sciences and Resources Institute.

Other Authors: Hoffman, Michael A., 1944-, Willoughby, Karin L., 1949-, Stanton, Elizabeth B., 1959-

Format: Book

Language: English

Published: [Columbia, S.C.] : McKissick Museum, University of South Carolina, c1988.

Subjects:

Tags: Add Tag

No Tags, Be the first to tag this record!

Call Number: DT59 .C666 F57 1988

LEADER 01285namaa2200301 4500
001 19107
003 OSt
005 20260517060321.0
008 130303s1988 scua bc 001 0 eng d
010 |a 88009209 
040 |c ARCE Library 
043 |a f-ua--- 
050 4 |a DT59 .C666 F57 1988 
245 0 4 |a The First Egyptians :   |b an exhibition /   |c organized by McKissick Museum, the Earth Sciences and Resources Institute of the University of South Carolina ; project director, Michael Allen Hoffman ; editors, Karin L. Willoughby, Elizabeth B. Stanton. 
264 1 |a [Columbia, S.C.] :   |b McKissick Museum, University of South Carolina,   |c c1988. 
300 |a 120 pages :   |b illustrations (some color) ;   |c 28 cm. 
504 |a Includes bibliographical references (pages 110-112) and index. 
650 0 |a Excavations (Archaeology)  |z Egypt  |v Exhibitions. 
651 0 |a Egypt  |x Civilization  |y To 332 B.C.  |v Exhibitions. 
651 0 |a Egypt  |x Antiquities  |v Exhibitions. 
700 1 |a Hoffman, Michael A.,  |d 1944-  
700 1 |a Willoughby, Karin L.,  |d 1949- 
700 1 |a Stanton, Elizabeth B.,  |d 1959-  |9 40430 
710 2 |a McKissick Museum.  |9 22988 
710 2 |a University of South Carolina.  |b Earth Sciences and Resources Institute. 
901 |a reviewed 
942 |c BK  |2 lcc 
999 |c 16108  |d 16108